00699nam a2200241 a 4500001001300000003000900013005001700022008004100039020001000080082001300090100001600103245004700119260005100166300000800217500003500225505001000260650002700270700001600297902000800313942000700321952011400328999001500442nice12345678IN_TiNIC20260116012403.0050524s1986 mada grp 000 0 eng  ac12000a025bWIL aWilson, M X aDirectory of Foreign Funding Organisations aMadrasbCommercial Laws Data Corporationc1986 a88p aincludes index and biblioraphy2 aIndex aDirectory-Christianity1 aWilson, M X bSRS cBK 001040708StackRoom-aHMIbHMId2008-04-21g120.00l0o025 WILp012208r2008-04-21v120.00w2005-05-24yBK c6813d6813